| 000 | 00684nam a2200217 u 4500 | ||
|---|---|---|---|
| 005 | 20240228064052.0 | ||
| 008 | 121015s2000 ec r 000 0 spa d | ||
| 020 | _a9803293516 | ||
| 035 | _aUPN01000187513 | ||
| 049 | _aI | ||
| 050 | 4 |
_aPZ74.1 _bL6.7 |
|
| 245 | 1 | 4 |
_aLos loros disfrazados : _bcuento ecuatoriano / _cdir. Omar Uribe ; il. Francisco Cuero. |
| 260 |
_aEcuador : _bLecturas Felices, _c[200-]. |
||
| 300 |
_a[16] p. : _bprincipalmente il. col. |
||
| 440 | 0 | _aLeyendas y cuentos latinoamericanos | |
| 650 | 4 |
_aLibros y lectura para niƱos _92290 |
|
| 650 | 4 |
_aCUENTOS ECUATORIANOS _917247 |
|
| 700 | 1 |
_aUribe, Omar, _edir. |
|
| 905 | _aInfantil | ||
| 999 |
_c159616 _d159616 |
||